000 00569cam a2200205 4500
008 000000n1999 000 0 eng u
020 _a1860813437
035 _a(Sirsi) u103834
050 _a690.0285
110 _aBuilding Centre Trust
_93162
245 _aElectronic information systems: Fitzroy Robinson
260 _aLondon
_bCRC
_c1999
300 _a8p. ; 30cm.
490 _aIT Case Study
_v3
650 _aIT
650 _aELECTRONIC INFORMATION
650 _aINTERNET
690 _aMANAGEMENT-BUSINESS MANAGEMENT-INFORMATION MANAGEMENT
942 _n0
999 _c100171
_d100171